logo

Bir Sreshtho Munshi Abdur Rouf Library
Jhenaidah Cadet College

আমি গাধা বলছি / (Record no. 3129)

MARC details
000 -LEADER
fixed length control field 00628nam a2200217 a 4500
001 - CONTROL NUMBER
JCCL Control Number 3129
003 - CONTROL NUMBER IDENTIFIER
JCCL marc code BD-JhCC
005 - DATE AND TIME OF LATEST TRANSACTION
control field 20171111095838.0
008 - FIXED-LENGTH DATA ELEMENTS--GENERAL INFORMATION
fixed length control field 171111s1981 bg |||| |||| 000 0 ben d
035 ## - SYSTEM CONTROL NUMBER
system control number (BD-JhCC) 3129
040 ## - CATALOGING SOURCE
Original cataloging agency BD-JhCC
Modifying agency BD-JhCC
041 ## - LANGUAGE CODE
Language code of Book ben
082 ## - DEWEY DECIMAL CLASSIFICATION NUMBER
Classification number 891.443
Author mark and Year CHA 1981
100 ## - MAIN ENTRY--PERSONAL NAME
Personal name চন্দর, কৃষণ
245 ## - TITLE STATEMENT
Title আমি গাধা বলছি /
Statement of responsibility, etc কৃষণ চন্দর
260 ## - PUBLICATION, DISTRIBUTION, ETC. (IMPRINT)
Place of publication, distribution, etc ঢাকা :
Name of publisher, distributor, etc মুক্তধারা,
Date of publication, distribution, etc ১৯৮১.
300 ## - PHYSICAL DESCRIPTION
Pagination ৯৮ পৃ. :
Dimensions ২১ সেমি.
650 ## - SUBJECT ADDED ENTRY--TOPICAL TERM
Topical term or geographic name as entry element Bengali novel
942 ## - ADDED ENTRY ELEMENTS (KOHA)
Source of classification or shelving scheme Dewey Decimal Classification
Koha item type Books
Holdings
Source of classification or shelving scheme Damaged status Not for loan Home library Current library Shelving location Date of accession Cost, normal purchase price Total Checkouts Full call number Barcode Date last seen Copy number Koha item type
Dewey Decimal Classification     JCC Rouf Library JCC Rouf Library General Stacks 11/11/2017 14.00   891.443 CHA 1981 4890 11/11/2017 C-1 Books

JCC Library | Contacts | JCC Home

Last Update on 23 September 2017
Copyright @ 2017-2020 JCC Rouf Library
Rouf Library, Jhenidah Cadet College (JCC), Bangladesh